A-Z Band Names 1960's - Statistics

General Stats
  • This quiz has been taken 189 times
  • The average score is 9 of 25
Answer Stats
Song/Year Answer % Correct
Z Time Of The Season (1969) Zombies
77%
Y For Your Love (1965) Yardbirds
74%
F Walk Like A Man (1963) Four Seasons
70%
M (I'm Not Your) Steppin' Stone (1966) Monkees
62%
J Surf City (1963) Jan and Dean
57%
A Don't Bring Me Down (1966) Animals
49%
W Pictures Of Lily (1967) Who
43%
L Green Tambourine (1967) Lemon Pipers
42%
P See Emily Play (1967) Pink Floyd
41%
R Baby I Love You (1963) Ronettes
38%
I This Old Heart of Mine (Is Weak for You) (1966) Isley Brothers
36%
S Incense and Peppermints (1967) Strawberry Alarm Clock
36%
T Elenore (1968) Turtles
36%
V Walk Don't Run (1960) Ventures
36%
K Set Me Free (1965) Kinks
34%
H Silhouettes (1965) Herman's Hermits
29%
D Saturday Night At The Movies (1964) Drifters
28%
O Yummy Yummy Yummy (1968) Ohio Express
24%
N Westminster Cathedral (1966) New Vaudeville Band
19%
U Concrete and Clay (1965) Unit Four Plus Two
18%
B Nut Rocker (1962) B. Bumble and the Stingers
13%
E Tell Him (1962) Exciters
13%
C Turn Down Day (1966) Cyrkle
12%
G Take Me in Your Arms and Love Me (1967) Gladys Knight and the Pips
7%
Q 96 Tears (1966) Question Mark & The Mysterians
6%
No matching quizzes found
Score Distribution
Percent of People with Each Score
Percentile by Number Answered
Your Score History
You have not taken this quiz